000 00286cam a22000857a 4500
008 180718b1953 xxu||||| |||| 00| 0 eng d
082 _aQ92103x5421 Ut8r
245 _aUnited provinces prisoners' release on probation rules
260 _aAllahabad
_bSuperintendent, Printing And Stationery
_c1953
999 _c495871
_d495871